General education and Indian universities (Record no. 431316)

000 -LEADER
fixed length control field 00379cam a22001337a 4500
008 - FIXED-LENGTH DATA ELEMENTS--GENERAL INFORMATION
fixed length control field 180718b1959 xxu||||| |||| 00| 0 eng d
082 ## - DEWEY DECIMAL CLASSIFICATION NUMBER
Classification number P5x54 P217
100 ## - MAIN ENTRY--PERSONAL NAME
Personal name Parikh, Govardhan Dhan
245 ## - TITLE STATEMENT
Title General education and Indian universities
Statement of responsibility, etc. by Govardhan Dhan Parikh
260 ## - PUBLICATION, DISTRIBUTION, ETC.
Place of publication, distribution, etc. Bombay
Name of publisher, distributor, etc. Asia
Date of publication, distribution, etc. 1959
300 ## - PHYSICAL DESCRIPTION
Extent 203 p.
650 ## - SUBJECT ADDED ENTRY--TOPICAL TERM
Topical term or geographic name entry element Indian universities
650 ## - SUBJECT ADDED ENTRY--TOPICAL TERM
Topical term or geographic name entry element Education
Holdings
Withdrawn status Lost status Damaged status Not for loan Permanent Location Current Location Date acquired Full call number Barcode Date last seen Price effective from Koha item type
        Indian Institute of Public Administration Indian Institute of Public Administration 2010-01-18 P5x54 P217 18191 2018-07-21 2018-07-21 Book

Powered by Koha